000 010620000a22001690004500
090 _aT Ac91i
100 1 _aAcuña Llanes, Flor Alba
245 1 0 _aIntroducción al Antiguo Testamento: carta descriptiva y contenido programático / Flor Alba Acuña Llanes; Daniel Castro Aponte
260 _aMedellín : FUSBC
300 _a54 Pag.
502 _aTesis (Licenciatura en Teología Bíblica) - - Fundación Universitaria Seminario Bíblico de Colombia, 2008
520 _aEste trabajo investigativo nace como respuesta a la propuesta del Instituto Ministerial de Medellín (IMM) de elaborar una carta descriptiva en la asignatura Introducción al Antiguo Testamento, con el fin de reorientar su contenido programático, ante la necesidad de convertirse en un programa de educación para el trabajo y el desarrollo humano ante el Ministerio de Educación Nacional
650 1 4 _aBIBLIA. A.T. - PENTATEUCO - CRITICA, INTERPRETACION \ CARTA DESCRIPTIVA - ASIGNATURA \ BIBLIA - INTRODUCCIONES
700 1 _aCastro Aponte, Daniel
001 14932
942 _cBK
999 _c43749
_d43749